00445nam a2200157 a 4500008004100000020001500041050001600056100001500072245006500087246002400152260003600176300002200212350000900234650001500243650002900258120416s1995 ||||||||||||||||| || u a1858051355 aHD 58.7 Col aCole, G. A10aOrganisational behaviour: theory and practicecby G. A. Cole atheory and practice aLondon:bCengage Learningc1995 axiii, 381p.: ill. a0.00 0aMANAGEMENT aORGANIZATIONAL BEHAVIOUR